<?xml version="1.0" encoding="UTF-8"?>
<collection xmlns="http://www.loc.gov/MARC21/slim">
    <record>
        <controlfield tag="001">87280</controlfield>
        <controlfield tag="005">20200120113921.0</controlfield>
        <datafield tag="037" ind1=" " ind2=" ">
            <subfield code="a">TAZ-TFG-2019-4674</subfield>
        </datafield>
        <datafield tag="041" ind1=" " ind2=" ">
            <subfield code="a">spa</subfield>
        </datafield>
        <datafield tag="100" ind1="1" ind2=" ">
            <subfield code="a">González del Castillo Sancho, Marta</subfield>
        </datafield>
        <datafield tag="242" ind1="0" ind2="0">
            <subfield code="a">Analysis of QT variability unrelated to RR variability during stress testing for the identification of coronary artery disease</subfield>
        </datafield>
        <datafield tag="245" ind1="0" ind2="0">
            <subfield code="a">Estudio de la variabilidad del intervalo QT no relacionada con la variabilidad del ritmo cardiaco durante prueba de esfuerzo para la identificación de enfermedades en las arterias coronarias</subfield>
        </datafield>
        <datafield tag="260" ind1=" " ind2=" ">
            <subfield code="a">Zaragoza</subfield>
            <subfield code="b">Universidad de Zaragoza</subfield>
            <subfield code="c">2019</subfield>
        </datafield>
        <datafield tag="506" ind1=" " ind2=" ">
            <subfield code="a">by-nc-sa</subfield>
            <subfield code="b">Creative Commons</subfield>
            <subfield code="c">3.0</subfield>
            <subfield code="u">http://creativecommons.org/licenses/by-nc-sa/3.0/</subfield>
        </datafield>
        <datafield tag="520" ind1=" " ind2=" ">
            <subfield code="a">Las enfermedades cardiovasculares representan la principal causa de muerte en países industrializados, siendo la cardiopatía isquémica la causa más frecuente de entre todas ellas. Una detección precoz de estas enfermedades proporciona beneficios al disminuir la morbilidad y mortalidad a las que estas se vinculan, pues el tratamiento temprano se asocia a una mejor respuesta terapéutica y curso de la enfermedad. Un procedimiento común por el que se identifican algunas de estas enfermedades, en particular la cardiopatía isquémica, es el estudio de la actividad eléctrica del corazón a través de electrocardiogramas (ECGs) registrados durante prueba de esfuerzo. Los ECGs facilitan el conocimiento de la existencia y gravedad de una enfermedad cardiaca. &lt;br />Estudios recientes señalan una relación entre las variaciones de la fase cardiaca de repolarización ventricular y la existencia de una cardiopatía isquémica. Siguiendo estas líneas de investigación, el objetivo de este trabajo fin de grado es evaluar la capacidad de un índice de variabilidad de la repolarización ventricular durante prueba de esfuerzo extraído del ECG.&lt;br />Específicamente, el nuevo índice cuantifica la repolarización ventricular a través de la variabilidad del intervalo QT no relacionado con el intervalo RR.&lt;br />Las señales ECG analizadas pertenecen a la base de datos FINCAVAS (Finlandia), que contiene los registros durante prueba de esfuerzo de pacientes de los cuales se conoce si sufren o no enfermedades de las arterias coronarias. &lt;br />Se parte de la hipótesis de que el análisis de la repolarización ventricular a través de la variabilidad de QT no relacionada con el RR puede permitir una mejor identificación de los pacientes con cardiopatía isquémica que los índices derivados del ECG utilizados en la actualidad. Esta variabilidad reflejaría la modulación directa de la repolarización ventricular por parte del sistema nervioso autónomo, excluyendo los efectos indirectos que generan las variaciones en el RR.&lt;br />Uno de los retos de este trabajo es conseguir una delineación robusta de los inicios y finales de las ondas del electrocardiograma, en particular, de las ondas Q y T, ya que los ECGs registrados durante prueba de esfuerzo se ven altamente contaminados por ruido muscular y artefactos de movimiento. Posteriormente, se obtiene la variabilidad de estos intervalos y la descomposición de la variabilidad de QT relacionada y no relacionada con el ritmo cardiaco utilizando un análisis tiempo-frecuencia.&lt;br />Los resultados muestran una relación entre la variabilidad del intervalo QT no relacionada con RR y la presencia de cardiopatía isquémica, mostrando una tendencia a una mayor variabilidad de QT no relacionada con RR en sujetos sin CAD.&lt;br />&lt;br /></subfield>
        </datafield>
        <datafield tag="521" ind1=" " ind2=" ">
            <subfield code="a">Graduado en Ingeniería de Tecnologías y Servicios de Telecomunicación</subfield>
        </datafield>
        <datafield tag="540" ind1=" " ind2=" ">
            <subfield code="a">Derechos regulados por licencia Creative Commons</subfield>
        </datafield>
        <datafield tag="700" ind1=" " ind2=" ">
            <subfield code="a">Bailón Luesma, Raquel</subfield>
            <subfield code="e">dir.</subfield>
        </datafield>
        <datafield tag="700" ind1=" " ind2=" ">
            <subfield code="a">Pueyo Paules, Esther</subfield>
            <subfield code="e">dir.</subfield>
        </datafield>
        <datafield tag="710" ind1="2" ind2=" ">
            <subfield code="a">Universidad de Zaragoza</subfield>
            <subfield code="b">Ingeniería Electrónica y Comunicaciones</subfield>
            <subfield code="c">Teoría de la Señal y Comunicaciones</subfield>
        </datafield>
        <datafield tag="856" ind1="0" ind2=" ">
            <subfield code="f">721301@celes.unizar.es</subfield>
        </datafield>
        <datafield tag="856" ind1="4" ind2=" ">
            <subfield code="s">4929342</subfield>
            <subfield code="u">http://zaguan.unizar.es/record/87280/files/TAZ-TFG-2019-4674.pdf</subfield>
            <subfield code="y">Memoria (spa)</subfield>
        </datafield>
        <datafield tag="909" ind1="C" ind2="O">
            <subfield code="o">oai:zaguan.unizar.es:87280</subfield>
            <subfield code="p">driver</subfield>
            <subfield code="p">trabajos-fin-grado</subfield>
        </datafield>
        <datafield tag="950" ind1=" " ind2=" ">
            <subfield code="a"></subfield>
        </datafield>
        <datafield tag="951" ind1=" " ind2=" ">
            <subfield code="a">deposita:2020-01-20</subfield>
        </datafield>
        <datafield tag="980" ind1=" " ind2=" ">
            <subfield code="a">TAZ</subfield>
            <subfield code="b">TFG</subfield>
            <subfield code="c">EINA</subfield>
        </datafield>
        <datafield tag="999" ind1=" " ind2=" ">
            <subfield code="a">20191122233410.CREATION_DATE</subfield>
        </datafield>
    </record>

    
</collection>